000 00693nam a2200253Ia 4500
003 OSt
005 20220918200700.0
006 a|||||r|||| 00| 0
007 ta
008 220917b |||||||| |||| 00| 0 eng d
024 _a89,819
037 _cTextual
040 _aARTS
_cARTS
_beng
041 _2eng
_aeng
082 _aU8:63wM13, K3
100 _aMorey George
_995127
245 0 _aWith Livingstone in South Africa
260 _aLondon
_bFrederick Muller UK
_c1963
300 _a143p
_ccm.
490 _aAdventures in geography series ed by Robert Owen
650 _aGEOGRAPHY
942 _hU8:63wM13, K3
_cTEXL
_2CC
999 _c213488
_d213488